Responses for Show #1711 - Monday, January 27, 1992

Dave Willis game 2.

Contestants

[<< previous game]

Mike Whitty, an attorney and CPA from Houston, Texas

Kim Wiley, a travel writer from Matthews, North Carolina

Dave Willis, a manager from Ventura, California (whose 1-day cash winnings total $10,800)

[next game >>]

Jeopardy! Round responses

FLOWERS
GROUPS
SPORTS
SCULPTURE
AROUND THE KITCHEN
POTENT QUOTABLES
    $100 14
Peru

Mike
    $100 13
Forestry

Mike
    $100 8
the triple jump

Dave
    $100 1
Nefertiti

Kim
    $100 19
a toaster

Dave
    $100 6
W.C. Fields

Mike
    $200 15
Japan

Dave
    $200 16
goats

Dave
    $200 9
the L.A. Lakers

Mike
    $200 2
(Mike: What are cherubims?)
(Dave: What is [**]?)
(Kim: What is India?)
[Dave ruled incorrect; reversed after the break along with erasing Kim's incorrect response]

Mexico

DaveMike
    $200 20
a colander

Dave
    $200 7
wine

Dave
    $300 23
a rose

Dave
    $300 17
ventriloquists

Dave
    $300 10
Johnny Bench

Dave
    $300 3
terracotta

Dave
    $300 21
the Oreo

Mike
    $300 28
John Updike

Mike
    $400 24
(Mike: What are the petals?)

the leaves

DaveMike
    $400 18
(Mike: What are bats?)

vampires

KimMike
    $400 11
(Alex: He does the broadcasts.)

bowling

Triple Stumper
    $400 4
Hinduism

Kim
    $400 22
(Mike: Who is Art Linkletter?)
...
(Alex: [*] and the Pennsylvanians.)

Fred Waring

Mike
Triple Stumper
    $400 29
John Barleycorn

Triple Stumper
    $500 25
a daisy

Kim
    $500 27
the Nuclear Regulatory Commission

Mike
    $500 12
(Mike: Who was Joe Louis?)
...
(Alex: Sorry, Dave, you didn't ring in quickly enough.)

Floyd Patterson

Mike
Triple Stumper
    $500 5
(Kim: Uh, who is Circe?)

the Minotaur

Kim
    $500 26
(Alex: Less than a minute to go.)

the Radarange

Mike
    $500 30
beer

Dave

Scores at the first commercial break (after clue 13):

Dave Kim Mike
$1,100 $0 -$300

Scores at the end of the Jeopardy! Round:

Dave Kim Mike
$3,300 $900 $200

Double Jeopardy! Round responses

DAMS
WORLD LEADERS
WRITERS
THE CIRCUS
CALIFORNIA
LUCKY PIERRES
    $200 1
Iran

Dave
    $200 11
Mussolini

Mike
    $200 6
James Joyce

Mike
    $200 16
a lion's mouth

Kim
    $200 18
Mount Whitney

Dave
    $200 23
Pierre Salinger

Dave
    $400 2
TVA (Tennessee Valley Authority)

Dave
    $400 12
Qaddafi

Dave
    $400 7
(Émile) Zola

Dave
    $400 17
the Greatest Show on Earth

Dave
    $400 19
Eureka

Dave
    $400 24
South Dakota

Kim
    $600 3
concrete

Mike
    $600 13
Helmut Kohl

Mike
    $1,000 8
Arthur Clarke

Dave
    $600 28
Uncle Sam

Mike
    $600 20
Edmund Brown

Dave
    $600 25
the New York Philharmonic

Dave
    $800 4
(Dave: What are the Army Engineers?)
(Kim: What is Agriculture--Department of Agriculture?)

Reclamation

DaveKim
Triple Stumper
    $800 14
King Hussein

Mike
    $800 9
the Absurd

Kim
    $800 29
(Mike: What is a side show?)
(Kim: What is a flea circus?)

a dog & pony show

KimMike
Triple Stumper
    $800 21
(Mike: What is Vanderburg?)

Vandenburg

DaveMike
    $800 26
Pierre DuPont

Mike
    $1000 5
(Dave: What is the Jordan River?)

the Nile

DaveKim
    $1000 15
(Dave: Who is Disraeli?)

Gladstone

DaveMike
    $1000 10
George Eliot

Kim
    $1000 30
(Dave: What is 3?)

four

DaveKim
    $1000 22
(Alex: Well done.)
[Applause for Dave running the category]

Stanford

Dave
    $1,800 27
(Mike: Who is Pierre Trebek?)
[Laughter]
...
(Alex: We have less than a minute to go.)

Pierre-Charles L'Enfant

Mike

Scores at the end of the Double Jeopardy! Round:

Dave Kim Mike
$6,100 $3,700 $1,600

[wagering suggestions for these scores]

Final Jeopardy! Round responses

U.S. HISTORY
MikeWho was Jefferson Davis
$1,499
KimWho was Jefferson Davis?
$3,600
DaveWho was Davis
$1,301
Jefferson Davis

Final scores:

Dave Kim Mike
$7,401 $7,300 $3,099
2-day champion: $18,201 2nd place: trip on Korean Air to Seoul & stay at both the Kal Hotel & Seoul Plaza Hotel 3rd place: Smith Corona PWP 1200 word processor + Nintendo Entertainment System with Super Jeopardy! & Wheel of Fortune + InfoGenius for Game Boy

Game dynamics:

Coryat scores:

Dave Kim Mike
$5,700 $4,200 $3,400
26 R
(including 1 DD),
4 W
10 R,
3 W
(including 1 DD)
16 R,
8 W
(including 1 DD)

Combined Coryat: $13,300

[game clues] [game scores] [suggest correction]

Game tape date: 1991-11-12
The J! Archive is created by fans, for fans. Scraping, republication, monetization, and malicious use prohibited; this site may use cookies and collect identifying information. See terms. The Jeopardy! game show and all elements thereof, including but not limited to copyright and trademark thereto, are the property of Jeopardy Productions, Inc. and are protected under law. This website is not affiliated with, sponsored by, or operated by Jeopardy Productions, Inc. Join the discussion at JBoard.tv.